Responses for show #7477 - Tuesday, February 28, 2017

Contestants

[<< previous game]

Leanne Vincent, a geospatial analyst from Calgary, Alberta, Canada

Rob Liguori, a research editor from Brooklyn, New York

Kirstin Cutts, a graduate student from Austin, Texas (whose 4-day cash winnings total $49,403)

[next game >>]

Jeopardy! Round responses

VALLEYS
BEASTLY MOVIES
ABBREV.
CROSSWORD CLUES "Q"
ROBOTS
OLD STURBRIDGE VILLAGE
(Sarah: A drive to central Massachusetts, a step back in time to the early 19th century.)
    $200 26
(Leanne: Who are the Philistines and the Israelites?)
[Originally ruled incorrect; reversed before the Daily Double at clue 29]

David and Goliath (or the Philistines and the Israelites)

RobLeanne
    $200 19
Coyote

Rob
    $200 6
executive producer

Rob
    $200 1
quaint

Leanne
    $200 22
R2-D2 & C-3PO

Kirstin
    $200 9
the common

Leanne
    $400 27
(Leanne: What is Death Valley?)

Yosemite

Leanne
Triple Stumper
    $400 18
Horse

Kirstin
    $400 7
master of fine arts

Kirstin
    $400 2
(Leanne: What is queasy?)
[Originally ruled incorrect; reversed during contestant interviews]

qualms (or queasy)

RobLeanne
    $400 13
Android

Rob
    $400 10
grist

Triple Stumper
    $600 28
the Red River

Leanne
    $600 15
Tiger

Rob
    $600 8
cruise control

Leanne
    $600 3
quahog

Kirstin
    $600 14
da Vinci

Rob
    $600 11
flintlock

Rob
    $1,600 29
(Leanne: What is Devils Monument?)
[The end-of-round signal sounds.]

Jackson Hole

Leanne
    $800 16
Bear

Kirstin
    $800 20
court of appeals

Leanne
    $800 4
a quagmire

Kirstin
    $800 23
Spirit

Rob
    $800 12
Henry Wadsworth Longfellow

Triple Stumper
    $1000 17
Whale

Kirstin
    $1000 21
glycemic index

Rob
    $1000 5
Quetzalcoatl

Rob
    $1000 24
(Isaac) Asimov

Rob
    $1000 25
(Leanne: What is the Society of Friends?)
...
(Alex: Less than a minute now.)

Congregationalist

Leanne
Triple Stumper

Scores at the first commercial break (after clue 14):

Kirstin Rob Leanne
$1,800 $3,200 $1,400

Scores at the end of the Jeopardy! Round:

Kirstin Rob Leanne
$4,200 $7,000 $0

Double Jeopardy! Round responses

ON YOUR LEFT!
(Alex: We'll give you a country. You name the nation across its longest western border.)
1980s BESTSELLERS
A SHOW OF HANS
ALBUM COVERS
ANCIENT BATTLES
TALK LIKE A CANADIAN
    $400 26
(Rob: What is France?)

Portugal

KirstinRob
    $400 4
(Leanne: Who is George Burns?)

Dr. Seuss

RobLeanne
    $400 16
Hans Christian Andersen

Leanne
    $400 11
Born in the U.S.A.

Rob
    $400 8
Jerusalem

Leanne
    $400 1
a bachelorette party

Rob
    $800 27
[The end-of-round signal sounds.]

Chile

Leanne
    $800 5
Alaska

Rob
    $800 22
Hans Gruber

Kirstin
    $800 14
(Alex: The Eagles, yes.)

Hotel California

Rob
    $800 9
(Rob: Who is Caesar?)
(Alex: Which one?)

Julius Caesar

Rob
    $800 2
a hoodie

Leanne
    $1200 6
John Irving

Triple Stumper
    $1200 25
Geiger

Rob
    $1200 13
(Alex: By Nirvana.)

Nevermind

Rob
    $1200 10
(Leanne: What is Athens?)

Sparta

Leanne
Triple Stumper
    $1200 3
a napkin

Kirstin
    $1600 7
Larry McMurtry

Leanne
    $1600 24
Hans Zimmer

Kirstin
    $1600 12
(Alex: Pink Floyd's album.)

Dark Side of the Moon

Kirstin
    $1,000 17
Hannibal

Leanne
    $2,000 20
(Leanne: Who are rum-runners?)
...
(Alex: Less than a minute now, Leanne.)
(Leanne: Gonna take my passport away from me.)

a hoser

Leanne
    $2000 19
(Leanne: Who is Cro-Magnon man?)

The Mammoth Hunters

Leanne
Triple Stumper
    $2000 23
the Meistersinger

Triple Stumper
    $2000 15
(Rob: What is Ziggy Stardust?)
(Leanne: Um... what, uh...)

Aladdin Sane

RobLeanne
Triple Stumper
    $2000 18
[Leanne gave both listed responses.]
(Alex: You got 'em both, by the way.)
(Leanne: Classics major, I should.)

Corfu (or Corcyra)

Leanne
    $2000 21
a sofa

Rob

Scores at the end of the Double Jeopardy! Round:

Kirstin Rob Leanne
$9,800 $12,600 -$600

[wagering suggestions for these scores]

Final Jeopardy! Round responses

RELIGION
KirstinWhat is your what you gave up for Lent?
$2,801
RobWhat is what did you give up for Lent?
$7,001
What did you give up for Lent?

Final scores:

Kirstin Rob Leanne
$12,601 $19,601 -$600
2nd place: $2,000 New champion: $19,601 3rd place: $1,000

Game dynamics:

Coryat scores:

Kirstin Rob Leanne
$9,800 $12,600 $3,600
12 R,
0 W
21 R,
2 W
14 R
(including 1 DD),
8 W
(including 2 DDs)

Combined Coryat: $26,000

The J! Archive is created by fans, for fans. The Jeopardy! game show and all elements thereof, including but not limited to copyright and trademark thereto, are the property of Jeopardy Productions, Inc. and are protected under law. This website is not affiliated with, sponsored by, or operated by Jeopardy Productions, Inc. Join the discussion at JBoard.tv.